Zákon č. 381/1997 Z.z. o cestovných dokladoch
Úplné znenie zákona č. 381/1997 Z.z. o cestovných dokladoch. Zákon ustanovuje druhy cestovných dokladov Slovenskej republiky, podmienky ich vydávania, odnímania a odoberania, práva a povinnosti občanov SR a osôb bez štátnej príslušnosti s trvalým pobytom na území SR a postup pri porušení ustanovení...
Enregistré dans:
| Format: | Chapitre de livre |
|---|---|
| Langue: | slovaque |
| Sujets: | |
| Tags: |
Pas de tags, Soyez le premier à ajouter un tag!
|
MARC
| LEADER | 00000naa a2200000 4500 | ||
|---|---|---|---|
| 001 | r035203 | ||
| 005 | 20230809074620.9 | ||
| 041 | 0 | |a slo | |
| 044 | |a SK | ||
| 245 | 1 | 0 | |a Zákon č. 381/1997 Z.z. o cestovných dokladoch |
| 520 | |a Úplné znenie zákona č. 381/1997 Z.z. o cestovných dokladoch. Zákon ustanovuje druhy cestovných dokladov Slovenskej republiky, podmienky ich vydávania, odnímania a odoberania, práva a povinnosti občanov SR a osôb bez štátnej príslušnosti s trvalým pobytom na území SR a postup pri porušení ustanovení zákona. Zákon nadobúda účinnosť od 1. januára 1998. Citácia odkazov a poznámok pod čiarou. | ||
| 610 | 2 | 0 | |a doklady cestovné |
| 610 | 2 | 0 | |a zákony |
| 610 | 2 | 0 | |a Slovensko |
| 610 | 2 | 0 | |a 1997 |
| 610 | 2 | 0 | |a komentáre |